Normal view MARC view

Entry Topical Term

Number of records used in: 1

001 - CONTROL NUMBER

  • control field: 9483

003 - CONTROL NUMBER IDENTIFIER

  • control field: OSt

005 - DATE AND TIME OF LATEST TRANSACTION

  • control field: 20160620143437.0

008 - FIXED-LENGTH DATA ELEMENTS

  • fixed length control field: 160620|| aca||aabn | a|a d

040 ## - CATALOGING SOURCE

  • Original cataloging agency: OSt
  • Transcribing agency: OSt

150 ## - HEADING--TOPICAL TERM

  • Topical term or geographic name entry element: Nursing Training

670 ## - SOURCE DATA FOUND

  • Source citation: Work cat.: (OSt): Edited by Rooyen, R.M Van;Jordan, P.J 9482, Foundations of Nursing Practice: fundamentals of holistic care